|
|
|
|
| LEADER |
01119nam a2200349 4500 |
| 001 |
DLU090094689 |
| 005 |
##20091201 |
| 040 |
# |
# |
|a DLU
|b eng
|
| 041 |
# |
# |
|a eng
|
| 044 |
# |
# |
|a us
|
| 245 |
# |
# |
|a Levels and temporal trends (1988-1999) of polybrominated diphenyl ethers in beluga whales (delphinapterus leucas) from the St. Lawrence estuary, Canada /
|c Michel Lebeuf ... [et al.].
|
| 653 |
# |
# |
|a Aquatic environment
|
| 653 |
# |
# |
|a Brackish water environment
|
| 653 |
# |
# |
|a Delphinapterus leucas
|
| 653 |
# |
# |
|a Elimination
|
| 653 |
# |
# |
|a Estuaries
|
| 653 |
# |
# |
|a Marine environment
|
| 653 |
# |
# |
|a Water pollution
|
| 700 |
# |
# |
|a Gouteux, Bruno.
|
| 700 |
# |
# |
|a Lebeuf, Michel.
|
| 700 |
# |
# |
|a Measures, Lena.
|
| 700 |
# |
# |
|a Trottier, Steve.
|
| 773 |
# |
# |
|t Environmental Science & Technology
|g Vol. 38, no. 11 (June 2004), p. 2971-2977
|
| 920 |
# |
# |
|a Phòng Tạp chí -- Trung tâm Thông tin - Thư viện Trường Đại học Đà Lạt
|
| 994 |
# |
# |
|a DLU
|
| 900 |
# |
# |
|a True
|
| 911 |
# |
# |
|a Trương Bảo Trâm Anh
|
| 925 |
# |
# |
|a G
|
| 926 |
# |
# |
|a A
|
| 927 |
# |
# |
|a BB
|
| 980 |
# |
# |
|a Thư viện Trường Đại học Đà Lạt
|